[Event "2nd Sharjah Masters 2018"]
[Site "Sharjah"]
[Date "2018.04.18"]
[Round "8"]
[White "Kakulidis, Ellen"]
[Black "Viani Antonio Dcunha"]
[Result "0-1"]
[WhiteElo "1975"]
[BlackElo "2435"]
[Annotator "TA"]
[PlyCount "102"]
[EventDate "2018.??.??"]
[EventType "swiss"]
[EventCountry "UAE"]
[SourceTitle "playchess.com"]
[Source "ChessBase"]
[SourceQuality "1"]

{[%evp 9,102,-32,-33,-37,-27,-33,-30,-26,-33,-33,0,-20,0,-4,0,-50,-43,-43,-44,-42,-31,-47,-36,-35,-14,-25,-25,-59,-44,-35,-33,-40,-32,-54,-50,-57,-41,-43,-43,-104,-106,-197,-192,-203,-122,-142,-94,-67,-63,-179,-177,-206,-188,-187,-201,-222,-74,-72,-77,-93,0,0,0,0,0,0,0,0,0,0,0,0,0,0,0,0,0,-4,0,0,0,0,0,0,0,0,0,0,0,0,0,-144,-154,-29980,-29981]} 1. d4 d6 2. g3 e5 3. Bg2 exd4 4. Nf3 c5 5. c3 dxc3 $1 6. Nxc3 {A41: 1 d4 d6: Tartakower System and Modern Defence} Nf6 7. O-O Be7 8. e4 {Black has an edge.} Nc6 9. Bf4 Be6 $146 ({Predecessor:} 9... O-O 10. Re1 Bg4 11. h3 Bxf3 12. Qxf3 {½-½ (36) Epishin,V (2578)-Chatalbashev,B (2524) Cutro 1999}) 10. Qe2 O-O 11. Rfd1 Bg4 12. h3 {[#]} Nd4 $1 {[%mdl 512]} 13. Qd3 (13. Nxd4 Bxe2) 13... Bxf3 14. Bxf3 Nd7 {White must now prevent ...g5.} 15. Bg2 Ne5 16. Qf1 Re8 17. Rab1 Nec6 18. Nb5 Qd7 19. h4 a6 20. Bh3 Qd8 21. Nc3 Bf6 22. Bg2 b5 23. Nd5 a5 $36 {[%mdl 2048] Black is pushing.} 24. Nxf6+ (24. Be3 $15) 24... Qxf6 $17 25. e5 (25. Rbc1 $17) 25... dxe5 $19 26. Bg5 Qe6 27. Rbc1 c4 {[#] Strongly threatening ...a4.} 28. a4 $1 {[%mdl 512] Threatening axb5.} Rac8 (28... bxa4 29. Qxc4) 29. Bh3 (29. axb5 $15 Nb4 30. b6) 29... f5 30. axb5 Nb4 31. Be3 Nd3 ({Resist} 31... Nxb5 32. b3 $17) 32. Rc3 Nxb5 (32... Nxb2 $19 33. Rb1 Nd3 34. Bxd4 exd4 35. Rxd3 cxd3 36. Qxd3 Qc4 37. Qxf5 d3) 33. Rcxd3 $17 cxd3 34. Qxd3 Rcd8 (34... Qc4 $17 {...Qxd3 is the strong threat.} 35. Bxf5 Qxd3 36. Rxd3 Red8) 35. Bxf5 $11 Qf6 36. Qb3+ ({Much worse is} 36. Bd7 Nd4 $1 $17 {[%mdl 512]}) 36... Kh8 37. Rxd8 Rxd8 38. Bg5 Qxf5 39. Bxd8 Nd4 $1 40. Qa4 {Intending Qe8+ and mate.} h6 41. Bxa5 Qb1+ 42. Kh2 Qf1 {[%cal Rd4f3]} 43. Qe8+ Kh7 {[%cal Rd4f3]} 44. Qf7 e4 {( -> ...Nf3+)} 45. g4 Nf3+ 46. Kg3 Qg1+ 47. Kf4 Nxh4 48. Kxe4 Qxg4+ 49. Kd3 $1 Nf5 50. Bc3 {[#]} (50. Qd5 $11) 50... Qf3+ $1 $17 51. Kc2 $2 {[#]} (51. Kd2 $17) 51... Nd4+ $1 {[%mdl 512] Precision: White = 50%, Black = 60%.} 0-1

[Event "2nd Sharjah Masters 2018"]
[Site "Sharjah"]
[Date "2018.04.18"]
[Round "8"]
[White "Mohammed Ahmed said Al Amri"]
[Black "Poormosavi, Seyed Kian"]
[Result "1/2-1/2"]
[WhiteElo "1822"]
[BlackElo "2218"]
[Annotator "NA"]
[PlyCount "214"]
[EventDate "2018.??.??"]
[EventType "swiss"]
[EventCountry "UAE"]
[SourceTitle "playchess.com"]
[Source "ChessBase"]
[SourceQuality "1"]
[TimeControl "5400+30"]

1. e4 {[%emt 0:00:00]} c5 {[%emt 0:00:57]} 2. Nf3 {[%emt 0:00:00]} Nc6 {[%emt 0:00:06]} 3. Bb5 {[%emt 0:00:04]} g6 {[%emt 0:00:13]} 4. O-O {[%emt 0:00:44]} Bg7 {[%emt 0:00:02]} 5. Re1 {[%emt 0:00:46]} Nf6 {[%emt 0:00:06]} 6. c3 {[%emt 0:00:58]} O-O {[%emt 0:01:31]} 7. d4 {[%emt 0:02:22]} cxd4 {[%emt 0:00:49]} 8. cxd4 {[%emt 0:00:18]} d5 {[%emt 0:00:25]} 9. e5 {[%emt 0:00:20]} Ne4 {[%emt 0:00:14]} 10. Nc3 {[%emt 0:02:30]} Nxc3 {[%emt 0:08:45]} 11. bxc3 {[%emt 0:00:13]} Qa5 {[%emt 0:00:05]} 12. Qa4 {[%emt 0:04:16] B31: Sicilian: 2...Nc6 3 Bb5 g6} Qxa4 {[%emt 0:08:30]} 13. Bxa4 {[%emt 0:00:20]} Bd7 {[%emt 0:00:09]} (13... Bf5 14. Ba3 Rfe8 15. c4 Rad8 16. cxd5 Rxd5 17. Bc5 Rc8 18. Bxc6 Rxc6 19. Bxe7 Bh6 {1-0 (66) Heidenfeld,M (2360)-Quinn,M (2377) Dun Laoghaire 2010}) 14. Ba3 {[%emt 0:03:04]} Rfe8 {[%emt 0:02:06]} 15. Rab1 $146 {[%emt 0:03:16]} ({Predecessor:} 15. Bxc6 Bxc6 16. e6 h6 17. Re3 fxe6 18. Rxe6 Kf7 19. Rae1 Bf6 20. h3 Bd7 21. R6e3 Rac8 22. Bb4 Rc6 23. a4 Re6 {½-½ (23) Tomasek,M (2255)-Kopriva,O (2220) Czechia 2004}) 15... b6 {[%emt 0:01:12]} 16. Bb3 {[%emt 0:01:27]} e6 {[%emt 0:01:16]} 17. Nd2 {[%emt 0:11:19]} Rec8 {[%emt 0:00:54]} 18. Bd1 {[%emt 0:05:13]} Na5 {[%emt 0:02:15]} 19. Bb4 {[%emt 0:02:07]} Bh6 {[%emt 0:00:09]} 20. Rb2 $17 {[%emt 0:09:27]} Bxd2 {[%emt 0:01:34]} 21. Rxd2 {[%emt 0:00:01]} Nc4 {[%emt 0:00:00]} 22. Rc2 {[%emt 0:00:04]} a5 {[%emt 0:00:00]} 23. Be7 {[%emt 0:00:03]} Ra7 {[%emt 0:01:08]} 24. Rc1 {[%emt 0:04:38]} Rac7 {[%emt 0:07:55]} 25. Be2 {[%emt 0:02:07]} Nb2 {[%emt 0:05:40]} 26. Ba6 {[%emt 0:02:38]} Ra8 {[%emt 0:12:48]} 27. Bd6 {[%emt 0:00:24]} Rca7 {[%emt 0:02:42]} 28. Ba3 {[%emt 0:00:45]} Rxa6 {[%emt 0:01:50]} 29. Bxb2 {[%emt 0:00:04]} Rc8 {[%emt 0:00:08]} 30. Ba3 {[%emt 0:00:26]} Bb5 {[%emt 0:01:27]} 31. Bd6 {[%emt 0:00:02]} Bc4 {[%emt 0:01:10]} 32. a3 {[%emt 0:00:09]} Rc6 {[%emt 0:01:00]} 33. f4 {[%emt 0:00:44]} Ra8 {[%emt 0:03:52]} 34. Kf2 {[%emt 0:00:04]} Bd3 {[%emt 0:00:33]} 35. Ke3 {[%emt 0:00:24]} Be4 {[%emt 0:01:03]} 36. g3 {[%emt 0:00:08]} f5 {[%emt 0:01:58]} 37. Kd2 {[%emt 0:03:22]} Rac8 {[%emt 0:00:39]} 38. Re3 {[%emt 0:01:49]} Kf7 {[%emt 0:01:05]} 39. Ree1 {[%emt 0:00:05]} h6 {[%emt 0:00:46]} 40. Rg1 {[%emt 0:02:05]} g5 {[%emt 0:01:45]} 41. h3 {[%emt 0:10:23]} Rc4 {[%emt 0:06:01]} 42. Rge1 {[%emt 0:00:16]} Ra4 {[%emt 0:01:28]} 43. Ra1 {[%emt 0:00:35]} Rac4 {[%emt 0:03:31]} 44. Rac1 {[%emt 0:00:03]} Rg8 {[%emt 0:01:13]} 45. Rg1 {[%emt 0:00:05]} Ke8 {[%emt 0:00:49]} 46. fxg5 {[%emt 0:01:44]} hxg5 {[%emt 0:00:28]} 47. h4 {[%emt 0:00:05]} Rh8 {[%emt 0:02:44]} 48. hxg5 {[%emt 0:01:17]} Rh2+ {[%emt 0:01:38]} 49. Ke3 {[%emt 0:00:23]} Kf7 {[%emt 0:00:10]} 50. Rgf1 {[%emt 0:04:16]} Kg6 {[%emt 0:00:52]} 51. Rf2 {[%emt 0:02:57]} Rxf2 {[%emt 0:01:27]} 52. Kxf2 {[%emt 0:00:02]} Kxg5 {[%emt 0:00:07]} 53. Be7+ {[%emt 0:00:57]} Kg4 {[%emt 0:00:55]} 54. Bd8 {[%emt 0:00:18]} Rc8 {[%emt 0:07:28]} 55. Bf6 {[%emt 0:08:05]} Rc7 {[%emt 0:00:30]} 56. Bh4 {[%emt 0:08:46]} b5 {[%emt 0:01:06]} 57. Bd8 {[%emt 0:02:22]} Rc8 {[%emt 0:00:36]} 58. Be7 {[%emt 0:02:16]} Rh8 {[%emt 0:02:46]} 59. Bh4 {[%emt 0:01:20]} f4 {[%emt 0:00:56]} 60. Rg1 {[%emt 0:00:00]} Rc8 {[%emt 0:01:04]} 61. Be7 {[%emt 0:00:10]} Rxc3 {[%emt 0:00:45]} 62. gxf4+ {[%emt 0:00:07]} Kxf4 {[%emt 0:00:14]} 63. Bg5+ {[%emt 0:00:49]} Kf5 {[%emt 0:00:12]} 64. Bd2 {[%emt 0:00:02]} Rf3+ {[%emt 0:03:08]} 65. Ke2 {[%emt 0:00:01]} Rf4 {[%emt 0:00:11]} 66. Bxf4 {[%emt 0:00:37]} Kxf4 {[%emt 0:00:01]} 67. Kd2 {[%emt 0:00:09]} Bf5 {[%emt 0:02:09]} 68. Kc3 {[%emt 0:00:41]} Ke3 {[%emt 0:00:05]} 69. Re1+ {[%emt 0:00:24]} Kf2 {[%emt 0:00:48]} 70. Rh1 {[%emt 0:00:12]} Ke3 {[%emt 0:00:22]} 71. Rf1 {[%emt 0:00:49]} Bg4 {[%emt 0:01:33]} 72. Rh1 {[%emt 0:01:52]} Bf5 {[%emt 0:00:17]} 73. Re1+ {[%emt 0:00:14]} Kf2 {[%emt 0:00:03]} 74. Kd2 {[%emt 0:00:02]} Kf3 {[%emt 0:01:45]} 75. Rf1+ {[%emt 0:00:14]} Ke4 {[%emt 0:00:04]} 76. Kc3 {[%emt 0:00:04]} Bg4 {[%emt 0:01:03]} 77. Rb1 {[%emt 0:00:56]} Be2 {[%emt 0:00:13]} 78. Re1 {[%emt 0:00:01]} Ke3 {[%emt 0:00:50]} 79. Rb1 {[%emt 0:00:38]} Ke4 {[%emt 0:00:16]} 80. Re1 {[%emt 0:01:04]} Ke3 {[%emt 0:00:00]} 81. Rb1 {[%emt 0:00:16]} Ke4 {[%emt 0:01:07]} 82. Re1 {[%emt 0:01:27]} Ke3 {[%emt 0:00:01]} 83. Rb1 {[%emt 0:00:10]} Bc4 {[%emt 0:00:40]} 84. Re1+ {[%emt 0:00:27]} Kf2 {[%emt 0:01:00]} 85. Kd2 {[%emt 0:00:02]} b4 {[%emt 0:00:49]} 86. axb4 {[%emt 0:00:50]} axb4 {[%emt 0:00:01]} 87. Rb1 {[%emt 0:00:01]} b3 {[%emt 0:00:02]} 88. Kc3 {[%emt 0:00:01]} Ke3 {[%emt 0:01:01]} 89. Rh1 {[%emt 0:00:28]} Ke4 {[%emt 0:01:01]} 90. Rh6 {[%emt 0:00:24]} b2 {[%emt 0:00:35]} 91. Rh4+ {[%emt 0:00:01]} Ke3 {[%emt 0:00:00]} 92. Kxb2 {[%emt 0:00:59]} Kd3 {[%emt 0:00:15]} 93. Rh6 {[%emt 0:01:36]} Kxd4 {[%emt 0:00:44]} 94. Rxe6 {[%emt 0:00:06]} Bb5 {[%emt 0:00:37]} 95. Rb6 {[%emt 0:00:06]} Kc5 {[%emt 0:00:09]} 96. Rb8 {[%emt 0:02:01]} Bd7 {[%emt 0:01:04]} 97. Rd8 {[%emt 0:00:07]} Bf5 {[%emt 0:00:33]} 98. Kc3 {[%emt 0:00:02]} Be6 {[%emt 0:00:32]} 99. Kd3 {[%emt 0:00:25]} Bg4 {[%emt 0:00:31]} 100. Ke3 {[%emt 0:00:03]} Bh3 {[%emt 0:00:20]} 101. Rh8 {[%emt 0:00:42]} Be6 {[%emt 0:00:40]} 102. Kf4 {[%emt 0:00:03]} d4 {[%emt 0:00:09]} 103. Kg5 {[%emt 0:00:50]} d3 {[%emt 0:00:17]} 104. Kf6 {[%emt 0:00:05]} d2 {[%emt 0:00:30]} 105. Rh1 {[%emt 0:00:14]} Bg4 {[%emt 0:00:52]} 106. Rg1 {[%emt 0:01:14]} d1=Q {[%emt 0:00:15]} 107. Rxd1 {[%emt 0:00:03]} Bxd1 {[%emt 0:00:01]} 1/2-1/2

[Event "2nd Sharjah Masters 2018"]
[Site "Sharjah"]
[Date "2018.04.19"]
[Round "9"]
[White "Kryvoruchko, Yuriy"]
[Black "Maghsoodloo, Parham"]
[Result "1/2-1/2"]
[WhiteElo "2703"]
[BlackElo "2615"]
[Annotator "TA"]
[PlyCount "68"]
[EventDate "2018.??.??"]
[EventType "swiss"]
[EventCountry "UAE"]
[SourceTitle "playchess.com"]
[Source "ChessBase"]
[SourceQuality "1"]

{[%evp 19,68,37,62,46,81,110,121,121,121,121,124,127,127,102,116,98,117,115,121,115,137,59,83,57,110,61,62,28,16,21,304,0,0,0,0,0,102,0,0,-22,-20,-28,-26,-29,-30,-16,-28,-23,0,0,0]} 1. e4 e5 2. Nf3 Nc6 3. Bc4 Nf6 4. d3 Be7 5. O-O O-O 6. Re1 d6 7. a4 Kh8 8. h3 {C55: Two Knights: 4 d3, 4 d4 exd4 5 e5 and Max Lange Attack} Ng8 (8... Na5 9. Ba2 c5 10. c3 Nc6 11. Na3 Be6 12. Bxe6 fxe6 13. Rb1 Rc8 14. Qe2 Qe8 15. Nc2 Nh5 {1-0 (82) Kryvoruchko,Y (2689)-Halkias,S (2571) Riadh 2017}) 9. Nc3 f5 10. Nd5 Nf6 {LiveBook: 3 Games} 11. Ng5 {[%cal Bf3g5,Bg5h7,Bh7f6,Bf6d5][%mdl 32]} Nxd5 12. Nxh7 $1 Nf6 13. Nxf6 {[%cal Rd1h5]} g6 14. Nd5 $1 f4 $146 ({Predecessor:} 14... Bh4 15. Rf1 f4 {1-0 (53) Shyam,S (2535)-Panelo Munoz,M (2379) Montcada 2017}) 15. c3 $1 Kg7 16. d4 Bh4 17. Bf1 Qg5 18. Qd3 Rf7 19. g3 Nd8 {[#]} 20. dxe5 ({Don't do} 20. Kh1 Ne6) ({Better is} 20. Rd1 $1 $16) 20... dxe5 $14 21. Bg2 Ne6 ({Black should play} 21... c6 $14) 22. c4 {Threatens to win with Ra3.} c6 {[%cal Rf4g3]} 23. gxh4 Qxh4 24. Qc3 cxd5 $4 {[%mdl 8192]} (24... Kg8 $11) 25. Qxe5+ $2 (25. exd5 $18 Ng5 26. Rxe5) 25... Kh7 $11 26. exd5 Ng5 27. Ra3 $1 {aiming for Qc3.} ({Don't go for} 27. Qe8 $2 Bxh3 28. Qxf7+ (28. Qxa8 {leads to mate.} Bxg2 29. Qg8+ Kxg8 30. Re8+ Rf8 31. Rxf8+ Kxf8 32. Kxg2 Qh3+ 33. Kg1 Nf3#) 28... Nxf7 $19) 27... Bd7 {[#]} (27... Bxh3 $11 {remains equal.} 28. Rxh3 Nxh3+ 29. Bxh3 Qxh3) 28. Qd6 ({Only move:} 28. Qd4 $1 $16) 28... Raf8 {[%cal Rd7h3]} 29. Re7 (29. Bxf4 {is interesting.} Qxf4 30. Qxf4 Rxf4 31. c5 Rc4 32. c6) 29... Nxh3+ 30. Rxh3 Bxh3 31. Rxf7+ Rxf7 32. Bxh3 $1 Qxh3 33. Bxf4 Qg4+ 34. Bg3 Qd1+ {Precision: White = 57%, Black = 59%.} 1/2-1/2

[Event "2nd Sharjah Masters 2018"]
[Site "Sharjah"]
[Date "2018.04.19"]
[Round "9"]
[White "Artemiev, Vladislav"]
[Black "Adhiban, B.."]
[Result "1/2-1/2"]
[WhiteElo "2701"]
[BlackElo "2661"]
[Annotator "TA"]
[PlyCount "60"]
[EventDate "2018.??.??"]
[EventType "swiss"]
[EventCountry "UAE"]
[SourceTitle "playchess.com"]
[Source "ChessBase"]
[SourceQuality "1"]

{[%evp 12,60,33,6,6,17,16,13,31,23,12,-47,-42,-57,-79,-58,-59,-61,-61,-60,-53,-63,-53,-72,-31,-50,-20,-13,0,0,0,0,0,0,0,0,0,0,0,-3,-2,-15,-4,-15,0,-5,0,-8,-10,-47,-50]} 1. d4 d5 2. Bf4 c5 3. e3 Nc6 4. Nf3 Nf6 {[%cal Bg8f6,Bf6h5,Bh5g3][%mdl 32]} 5. Nbd2 e6 6. c3 cxd4 7. cxd4 {LiveBook: 9 Games. D02: 1 d4 d5 2 Nf3 sidelines, including 2...Nf6 3 g3 and 2...Nf6 3 Bf4} (7. exd4 Nh5 8. Be3 Bd6 9. Bd3 Nf4 10. Bxf4 Bxf4 11. O-O O-O 12. Re1 Bd7 13. Ne5 Nxe5 14. dxe5 g6 {1-0 (104) Vidit,S (2715)-Aronian,L (2805) Riadh 2017}) 7... Qb6 8. Rb1 Nh5 9. Bg5 $146 {The position is equal.} ({Find the theoretical novelty and annotate with similar games:} 9. Bg3 Nxg3 10. hxg3 g6 11. Be2 Bg7 12. O-O a5 13. Qa4 O-O 14. b4 Bd7 {½-½ (41) Adocchio,G (2138)-Arnold,M (2286) Schwaebisch Gmuend 2018}) 9... h6 {[%cal Bh7h6,Bh6h5][%mdl 32]} 10. Bh4 g5 {[%cal Bg7g5,Bg5g4][%mdl 32]} 11. Bg3 (11. Ne5 $11 Nxe5 12. Qxh5) 11... g4 12. Ne5 Nxg3 13. hxg3 Nxe5 14. dxe5 h5 $1 15. Qa4+ Bd7 16. Qd4 Bg7 17. Bd3 Rc8 18. f4 Ke7 (18... f6 $5) 19. Ke2 Qxd4 20. exd4 f5 21. Nb3 b6 22. Ba6 Rc7 23. Rbc1 Kd8 24. Rxc7 Kxc7 25. Rc1+ Kb8 26. Nd2 Bc8 27. Bd3 Bd7 28. Ba6 Bc8 29. Bb5 a6 30. Bd3 Kb7 {Precision: White = 69%, Black = 71%.} 1/2-1/2

[Event "2nd Sharjah Masters 2018"]
[Site "Sharjah"]
[Date "2018.04.19"]
[Round "9"]
[White "Eljanov, Pavel"]
[Black "Adly, Ahmed"]
[Result "1/2-1/2"]
[WhiteElo "2700"]
[BlackElo "2626"]
[Annotator "TA"]
[PlyCount "60"]
[EventDate "2018.??.??"]
[EventType "swiss"]
[EventCountry "UAE"]
[SourceTitle "playchess.com"]
[Source "ChessBase"]
[SourceQuality "1"]

{[%evp 19,60,53,48,8,9,23,17,13,17,14,0,10,48,43,32,36,33,9,9,12,14,0,0,0,0,0,0,0,2,0,0,0,0,0,0,0,0,0,1,0,0,0,0]} 1. d4 d5 2. c4 e6 3. Nf3 Nf6 4. g3 dxc4 5. Bg2 Nbd7 6. O-O a6 {E04: Open Catalan: 5 Nf3} (6... Rb8 7. Nc3 Be7 8. Qa4 a6 9. Qxc4 b5 10. Qd3 Bb7 11. Bf4 O-O 12. Rfd1 Rc8 13. Ne5 Bxg2 14. Kxg2 c5 {0-1 (71) Ghosh,D (2550)-Adly,A (2598) Al Ain 2015}) 7. a4 Rb8 8. a5 Bd6 9. Nbd2 b5 10. axb6 Nxb6 {LiveBook: 3 Games} 11. Nxc4 Nxc4 12. Qa4+ Rb5 $146 {[#] White must now prevent ...Nb6.} ({Predecessor:} 12... Qd7 13. Qxc4 Qb5 14. Ne5 Nd5 15. Qxb5+ Rxb5 {1-0 (34) Akesson,R (2431)-Bergez,L (2393) Belgium 2003}) 13. Qxc4 O-O 14. Rd1 Bb7 15. Ne1 Qa8 16. Qxb5 axb5 17. Rxa8 Bxa8 18. Nd3 Bd5 {The position is equal.} 19. Bxd5 Nxd5 20. Bd2 Ra8 21. e4 Nb6 22. Rc1 Ra4 23. Be3 {next e5 is good for White.} Rc4 24. b3 Rxc1+ 25. Bxc1 $11 {[%mdl 4096] Endgame KBN-KBN} Kf8 26. Kf1 Ke8 27. Ke2 Nd7 28. Be3 c6 {[%cal Bc7c6,Bc6c5][%mdl 32]} 29. f3 g6 30. Bd2 c5 {Precision: White = 78%, Black = 88%.} 1/2-1/2

[Event "2nd Sharjah Masters 2018"]
[Site "Sharjah"]
[Date "2018.04.19"]
[Round "9"]
[White "Jones, Gawain C B"]
[Black "Gagare, Shardul"]
[Result "1/2-1/2"]
[WhiteElo "2675"]
[BlackElo "2502"]
[Annotator "TA"]
[PlyCount "120"]
[EventDate "2018.??.??"]
[EventType "swiss"]
[EventCountry "UAE"]
[SourceTitle "playchess.com"]
[Source "ChessBase"]
[SourceQuality "1"]

{[%evp 15,120,6,23,4,24,26,20,24,18,-1,0,0,0,-7,0,0,0,0,2,-6,4,3,4,7,6,0,6,0,0,0,0,0,8,8,6,3,4,3,5,0,0,2,5,0,2,4,7,0,0,0,0,0,0,0,0,0,0,0,0,0,0,0,0,0,0,0,0,0,27,27,27,27,27,27,27,27,27,27,27,27,39,27,27,27,33,0,0,0,-2,-8,31,0,0,0,0,0,0,0,0,0,0,0,0,0,0,0,0]} 1. e4 c5 2. Nf3 Nc6 3. Bb5 e6 4. Nc3 {[%cal Bb1c3,Bc3e2,Be2f4,Bf4d3,Bd3c5][%mdl 32]} Nd4 5. Bd3 Ne7 6. O-O {B30: Sicilian: 2...Nc6 3 Bb5, lines without ...g6} Nec6 7. Nxd4 cxd4 8. Ne2 d5 {LiveBook: 3 Games} 9. c3 dxe4 $146 ({Predecessor:} 9... Bd6 10. Nxd4 Nxd4 11. cxd4 dxe4 12. Bc2 O-O 13. d3 exd3 14. Qxd3 {½-½ (41) Vasiukov,E (2540)-Kozlov,V (2375) Yaroslavl 1990}) 10. Bxe4 d3 11. Nf4 Bd6 12. Nxd3 Bxh2+ $1 13. Kxh2 Qh4+ 14. Kg1 Qxe4 15. Nc5 Qd5 16. d4 O-O 17. Nd3 e5 18. Nxe5 Nxe5 19. dxe5 Qxe5 20. Re1 Qf5 21. Qd6 Be6 22. Be3 Rfd8 23. Qg3 Qg4 (23... f6 {keeps more tension.} 24. a4 a6 25. f3 Re8 26. b4 Rac8) 24. Qxg4 Bxg4 25. Bd4 Be6 26. f3 a6 27. Kf2 Re8 28. b3 f6 29. Bb6 Bd7 30. Red1 Bc6 31. a4 Re6 32. a5 Rae8 33. Rd2 h5 34. Rh1 Re5 35. c4 Rf5 36. Rh4 Kf7 37. b4 Rh8 38. Rd8 Rxd8 39. Bxd8 $11 {[%mdl 4096] Endgame KRB-KRB} Re5 40. Bb6 g6 41. Rh1 Rf5 42. Bc7 Ke7 43. Rh4 Kd7 44. Bh2 Ke7 45. Bb8 Ke8 46. Rh1 Kf7 47. Rh2 Ke6 48. Ke3 Kd7 49. Rh4 Rg5 50. Rh2 {[#] Bf4 is the strong threat.} h4 {[%cal Bh5h4,Bh4h3][%mdl 32]} 51. Kf2 Rh5 52. Rh1 h3 53. g4 Rh8 {The position is equal.} 54. Ba7 f5 {aiming for ...fxg4.} 55. Bd4 Rh7 {Threatens to win with ...fxg4.} 56. gxf5 gxf5 57. Bf6 Ke6 58. Bg5 $1 h2 59. Kg3 Rg7 60. Kf4 Rh7 {Precision: White = 71%, Black = 71%.} 1/2-1/2

[Event "2nd Sharjah Masters 2018"]
[Site "Sharjah"]
[Date "2018.04.19"]
[Round "9"]
[White "Kovalev, Vladislav"]
[Black "Darini, Pouria"]
[Result "1-0"]
[WhiteElo "2648"]
[BlackElo "2478"]
[Annotator "TA"]
[PlyCount "73"]
[EventDate "2018.??.??"]
[EventType "swiss"]
[EventCountry "UAE"]
[SourceTitle "playchess.com"]
[Source "ChessBase"]
[SourceQuality "1"]

{[%evp 21,73,34,33,6,0,0,43,36,50,31,0,0,30,13,19,-51,-45,-36,-27,-43,-43,-46,-22,-28,-5,-143,-133,-136,-97,-118,-104,-270,-265,-386,-216,-214,-197,-190,-184,-158,-75,-326,-312,-300,-283,-277,-170,-148,282,271,879,866,843,843]} 1. e4 c5 2. Nf3 d6 3. d4 cxd4 4. Nxd4 Nf6 5. Nc3 Nc6 6. Bg5 e6 7. Qd3 a6 8. O-O-O Bd7 9. f4 h6 {B62: Sicilian: Richter-Rauzer: 6...e6: Unusual White 7th moves} (9... Qb6 10. Be2 Qxd4 11. Qxd4 Nxd4 12. Rxd4 Bc6 13. Bf3 Be7 14. Bxf6 gxf6 15. Rd3 h5 16. Ne2 h4 17. Nd4 Bd7 {½-½ (17) Liu,G (2462)-Matinian,N (2499) Lorca 2017}) 10. Bh4 Be7 11. Be2 Rc8 {LiveBook: 4 Games. White is slightly better.} 12. Kb1 O-O 13. Nb3 d5 $146 (13... Nxe4 $5 14. Nxe4 Bxh4 $14) ({Predecessor:} 13... Nxe4 14. Nxe4 Bxh4 15. Qxd6 Qb6 16. Qc5 {½-½ (16) Maffioletti,F (1958)-Santamaria Perez,T (2370) ICCF email 2014}) 14. e5 Ne4 15. Bxe7 (15. Nxe4 {feels hotter.} Bxh4 16. Nd6 Rb8 17. Qh3 Be7 18. g4) 15... Nxc3+ 16. Qxc3 Qxe7 17. Qe3 a5 {[%cal Ba6a5,Ba5a4,Ba4a3][%mdl 32]} 18. Qb6 ({White should try} 18. a3 $11) 18... a4 $1 $15 {[%cal Ra4b3]} 19. Nd4 a3 20. b3 $1 f6 21. Nxc6 $1 bxc6 22. Qe3 c5 23. c4 (23. Rhf1 $11) 23... d4 24. Qg3 Bc6 25. Bd3 fxe5 26. Qg6 $2 (26. fxe5 $17 Qg5 27. Qxg5 hxg5 28. Rd2) 26... Rxf4 $19 {White must now prevent ...e4.} 27. g3 {[#]} (27. Qh7+ $142 Kf7 28. g3) 27... Bxh1 (27... Rf5 $142 $1 {[%mdl 512] aiming for ...e4.} 28. Bxf5 exf5) 28. Qh7+ Kf7 {Hoping for ...Bf3.} 29. Bg6+ Kf6 30. gxf4 Bf3 ({Better is} 30... Bc6 31. Re1 Qf8) 31. fxe5+ $2 {[%mdl 8192]} (31. Re1 $17) 31... Kxe5 32. Re1+ Kd6 33. Bf5 Kc7 {And now ...Qg5 would win.} 34. Qg6 {[#]} Rf8 $2 {[%mdl 8192] [#]} (34... Rd8 $1 $17 {stays on course.} 35. Qg3+ (35. Rxe6 Qg5 $17) 35... Qd6 36. Qxg7+ Rd7 37. Qxh6 Re7) 35. Qg3+ $1 $18 Qd6 $2 (35... Kd7 36. Rxe6 Rxf5 37. Rxe7+ Kxe7 38. Qxg7+ Ke6 39. Qxh6+ Kf7 40. Qh7+ Ke6 41. Qg6+ Ke5) 36. Qxg7+ Kb8 37. Rxe6 {Precision: White = 28%, Black = 40%.} 1-0

[Event "2nd Sharjah Masters 2018"]
[Site "Sharjah"]
[Date "2018.04.19"]
[Round "9"]
[White "Mareco, Sandro"]
[Black "Naiditsch, Arkadij"]
[Result "1/2-1/2"]
[WhiteElo "2645"]
[BlackElo "2701"]
[Annotator "TA"]
[PlyCount "61"]
[EventDate "2018.??.??"]
[EventType "swiss"]
[EventCountry "UAE"]
[SourceTitle "playchess.com"]
[Source "ChessBase"]
[SourceQuality "1"]

{[%evp 15,61,0,7,-6,26,23,26,10,18,20,36,35,37,37,39,39,35,21,21,21,29,20,20,20,20,0,0,0,0,0,0,0,0,0,0,0,0,0,0,0,0,0,0,0,0,0,0,0]} 1. d4 Nf6 2. c4 e6 3. Nf3 d5 4. g3 Bb4+ 5. Bd2 {[%cal Bc1d2,Bd2c3,Bc3b2][%mdl 32]} Be7 6. Bg2 O-O 7. O-O c6 8. Bc3 Ne4 9. e3 {E11: Bogo-Indian} b5 $146 ({Predecessor:} 9... Nd7 10. Nfd2 Ndf6 11. a3 b6 12. b4 a5 13. c5 axb4 14. axb4 Rxa1 15. Bxa1 Ba6 16. Re1 bxc5 17. dxc5 {1-0 (41) Fedoseev,V (2718)-Sjugirov,S (2650) St Petersburg 2017}) 10. c5 a5 11. a3 {White has an edge.} Nd7 12. b4 f5 13. Bb2 Bb7 14. Nc3 Nxc3 15. Bxc3 a4 16. Ne5 Nxe5 17. dxe5 g5 18. f4 g4 {The position is equal.} 19. h3 h5 $1 20. hxg4 hxg4 21. Kf2 Kf7 22. Rh1 {next Rh7+ is good for White.} Rh8 23. Rxh8 Qxh8 24. Qd3 Rd8 ({Don't blunder} 24... Qh2 $2 25. Rh1 $18) 25. Rh1 Qg7 26. Qd1 Rh8 27. Bd4 Kg8 28. Rxh8+ Qxh8 29. Qh1 Qxh1 30. Bxh1 Kf7 31. Bg2 {Precision: White = 65%, Black = 80%.} 1/2-1/2